Pays désignés par un exonyme en français - Statistiques

Statistiques générales
  • Ce quiz a été pris 221 fois
    168 depuis la dernière actualisation
  • Le résultat moyen est 9 sur 17
Réponses sur la Carte
Les réponses sont colorées sur une échelle allant du rouge au vert en fonction du pourcentage des utilisateurs qui les ont devinées à leur premier essai. Vous pouvez retrouver ces pourcentages ci-dessous.
 
Statistiques - réponses
Réponse Endonyme Signification % Correct
Chine Zhōngguó (中国) Pays du milieu
95%
Japon Nihon (日本) Origine du Soleil
94%
Allemagne Deutschland -
92%
Corée du Sud Namhan (남한) Han du Sud
81%
Corée du Nord Bukchosŏn (북조선) Choson du Nord
79%
Maroc al-Maghrib Le Couchant
71%
Grèce Elláda (Ελλάδα) -
69%
Inde Bhārat (भारत) -
65%
Finlande Suomi Marais
62%
Hongrie Magyarország -
55%
Albanie Shqipëria Pays des Aigles
34%
Bhoutan Druk Yul Royaume du dragon
33%
Égypte Miṣr (مصر) Pays
32%
Nouvelle-Zélande Aotearoa Terre du nuage long et blanc
32%
Arménie Hayastan Pays de Hayk
17%
Maldives Dhivehi raajj'e Îles du peuple Dhivehi
12%
Géorgie Sakartvelo -
11%
Aucun quiz correspondant
Distribution des résultats
% des personnes avec chaque résultat
Percentile par nombre de réponses
Votre historique - résultats
Vous n’avez pas pris ce quiz depuis la dernière actualisation